Noções fundamentais de cálculo financeiro (Registo nº 199839)

Detalhes MARC
000 -Etiqueta do registo
Valores 00539nam 22001813 4500
021 ## - Número do Depósito Legal
Código do país Portugal
Número 10051/85
100 ## - Dados gerais de processamento
Dados gerais 20260112d u||y0pory50 ba
200 ## - Titulo e menção de responsabilidade
Título próprio Noções fundamentais de cálculo financeiro
Primeira menção de responsabilidade L. Santos Fernandes
210 ## - Publicação
Local de publicação [Lisboa]
Nome do editor Imprensa Nacional-Casa da Moeda
Data de publicação 1985
215 ## - Descrição física 
Paginação / Volumes 123, [5] p.
Outras indicações físicas brochado
Dimensões 23 cm
606 ## - Nome comum usado como assunto
ID Autoridade 3573
Palavra de ordem Contabilidade
675 ## - CDU
Notação 657
Edição PT
Língua por
700 ## - Autor principal (pessoa individual)
ID Autoridade 15661
Apelido Fernandes
Nome Luis Santos
Datas 19??-2013
801 ## - Fonte de origem
País PT
Agência BMMN
Regras de catalogação RPC
830 ## - Notas gerais do catalogador
Criado por Vanda
990 ## - Elementos KOHA
Tipo de documento Livro
Exemplares
Situação do levantamento Biblioteca de origem Código de barras Cota Permissão de empréstimo Tipo de documento Forma de aquisição
  Biblioteca Municipal de Montemor-o-Novo 28868 657 FER|DEP   Livro Compra

Powered by Koha